000 00414nam a22001457a 4500
008 170609b xxu||||| |||| 00| 0 eng d
020 _a9781444163223
050 _aRC521.G66
100 _aGoode,Belinda and Booth,Gayle.
245 _aDementia Care: a care worker handbook /.
260 _aLondon.
_bHodder Education,
_c2012.
300 _aix,206p . : ill.;
_c24cm.
500 _aIncludes index.
942 _2lcc
_cBK
999 _c6375
_d13875